[Event "POL-chT U19 2nd League"]
[Site "Iwonicz"]
[Date "2016.07.31"]
[Round "4.57"]
[White "Babiarz, Arkadiusz"]
[Black "Bober, Tomasz"]
[Result "1-0"]
[WhiteElo "1692"]
[BlackElo "1210"]
[PlyCount "25"]
[EventDate "2016.07.23"]
[EventType "team-swiss"]
[EventRounds "11"]
[EventCountry "POL"]
[SourceTitle "EXT 2019"]
[Source "ChessBase"]
[SourceDate "2018.10.10"]
[SourceVersion "1"]
[SourceVersionDate "2018.10.10"]
[SourceQuality "1"]
[WhiteTeam "Rzeszow RzKSz U19"]
[BlackTeam "Brzozow UKS SP 1 U19"]
[WhiteTeamCountry "POL"]
[BlackTeamCountry "POL"]

1. e4 c5 2. c3 d6 3. d4 cxd4 4. cxd4 Nc6 5. Nf3 Bg4 6. d5 Ne5 7. Nxe5 dxe5 8. Qxg4 a6 9. Nc3 Nf6 10. Qh3 Qa5 11. Bd2 Qb4 12. Bd3 Nd7 13. Nb5 1-0

[Event "POL-chT U19 2nd League"]
[Site "Iwonicz"]
[Date "2016.07.31"]
[Round "3.63"]
[White "Bober, Tomasz"]
[Black "Strugacz, Michal"]
[Result "0-1"]
[WhiteElo "1210"]
[BlackElo "1259"]
[PlyCount "108"]
[EventDate "2016.07.23"]
[EventType "team-swiss"]
[EventRounds "11"]
[EventCountry "POL"]
[SourceTitle "EXT 2019"]
[Source "ChessBase"]
[SourceDate "2018.10.10"]
[SourceVersion "1"]
[SourceVersionDate "2018.10.10"]
[SourceQuality "1"]
[WhiteTeam "Brzozow UKS SP 1 U19"]
[BlackTeam "Czestochowa UKS Hetman U19"]
[WhiteTeamCountry "POL"]
[BlackTeamCountry "POL"]

1. d4 d5 2. c4 e6 3. a3 Nf6 4. Nc3 Be7 5. Bf4 Bd6 6. Bxd6 Qxd6 7. e3 b6 8. f4 Bb7 9. Nf3 Ne4 10. Rc1 a6 11. Qc2 Nxc3 12. Qxc3 c6 13. c5 bxc5 14. Qxc5 Qxc5 15. Rxc5 Nd7 16. Rc3 0-0 17. Bd3 Rfc8 18. 0-0 c5 19. Rfc1 c4 20. Be2 Nb6 21. b3 cxb3 22. Rxc8+ Rxc8 23. Rb1 Rc3 24. Bd1 f6 25. Rxb3 Rxb3 26. Bxb3 Bc6 27. Kf2 Kf7 28. Ke2 Ke7 29. Kd3 Kd6 30. Kc3 Nd7 31. Kb4 Kc7 32. Ka5 Kb7 33. Ne1 Bb5 34. a4 Be2 35. Bc2 Nb8 36. Kb4 a5+ 37. Kc5 Kc7 38. Bd3 Bd1 39. Kb5 Nc6 40. Bxh7 Bh5 41. Bc2 Be8 42. Kc5 Nb4 43. Bd3 Bxa4 44. Bb5 Bd1 45. Be8 Be2 46. Bb5 Bd1 47. Bd3 Ba4 48. Be2 Bd7 49. Bb5 Bc8 50. Be8 Ba6 51. Bb5 Bc8 52. g4 Na2 53. h4 Nc3 54. h5 Ne4# 0-1

[Event "POL-chT U19 2nd League"]
[Site "Iwonicz"]
[Date "2016.07.31"]
[Round "5.63"]
[White "Bober, Tomasz"]
[Black "Syrkiewicz, Michal"]
[Result "0-1"]
[WhiteElo "1210"]
[BlackElo "1389"]
[PlyCount "88"]
[EventDate "2016.07.23"]
[EventType "team-swiss"]
[EventRounds "11"]
[EventCountry "POL"]
[SourceTitle "EXT 2019"]
[Source "ChessBase"]
[SourceDate "2018.10.10"]
[SourceVersion "1"]
[SourceVersionDate "2018.10.10"]
[SourceQuality "1"]
[WhiteTeam "Brzozow UKS SP 1 U19"]
[BlackTeam "Zielonka Zieloni U20"]
[WhiteTeamCountry "POL"]
[BlackTeamCountry "POL"]

1. d4 Nf6 2. c4 e6 3. Nc3 d5 4. Bg5 Be7 5. e3 0-0 6. Bd3 h6 7. Bxf6 Bxf6 8. Nf3 b6 9. Ne2 Bb7 10. Nf4 Nd7 11. 0-0 dxc4 12. Bxc4 c5 13. Nh5 Rc8 14. Nxf6+ Nxf6 15. dxc5 Rxc5 16. Be2 Qc7 17. Rc1 Rc8 18. Rxc5 Qxc5 19. h3 Qc2 20. b3 Qxa2 21. Bc4 Qa3 22. Nd4 a6 23. Qa1 Qxa1 24. Rxa1 b5 25. Be2 Nd5 26. Bf3 g6 27. Kf1 Kf8 28. Ke1 Ke7 29. Ne2 Kd6 30. Nf4 Rc7 31. Rd1 Ke7 32. Nxd5+ Bxd5 33. Bxd5 exd5 34. Rxd5 Rc3 35. b4 Rc4 36. Rd4 Rc2 37. g3 Ke6 38. Kf1 f5 39. Kg2 Rc4 40. Kf3 Ke5 41. Rxc4 bxc4 42. Ke2 Kd5 43. g4 fxg4 44. hxg4 h5 0-1

[Event "POL-chT U19 2nd League"]
[Site "Iwonicz"]
[Date "2016.07.31"]
[Round "10.51"]
[White "Jagura, Norbert"]
[Black "Bober, Tomasz"]
[Result "1-0"]
[WhiteElo "1505"]
[BlackElo "1210"]
[PlyCount "79"]
[EventDate "2016.07.23"]
[EventType "team-swiss"]
[EventRounds "11"]
[EventCountry "POL"]
[SourceTitle "EXT 2019"]
[Source "ChessBase"]
[SourceDate "2018.10.10"]
[SourceVersion "1"]
[SourceVersionDate "2018.10.10"]
[SourceQuality "1"]
[WhiteTeam "Wielun UKS Piatka U19"]
[BlackTeam "Brzozow UKS SP 1 U19"]
[WhiteTeamCountry "POL"]
[BlackTeamCountry "POL"]

1. e4 c5 2. c3 d5 3. exd5 Qxd5 4. d4 Nc6 5. Be3 cxd4 6. cxd4 e6 7. Nf3 Nf6 8. Nc3 Qd8 9. Bd3 g6 10. 0-0 Bg7 11. Bc4 Ne7 12. Qb3 Ned5 13. Bb5+ Bd7 14. Bxd7+ Qxd7 15. Ne5 Qc7 16. Qa4+ Nd7 17. Nb5 Qb6 18. Nxd7 Kxd7 19. Na3+ Qc6 20. Qd1 Rac8 21. Qf3 Nf6 22. d5 exd5 23. Rad1 Rhd8 24. Rfe1 b6 25. Bg5 Re8 26. Rf1 Re5 27. Be3 a6 28. Nb1 Ke8 29. Rc1 Qb7 30. Rxc8+ Qxc8 31. Bxb6 Qe6 32. Be3 Kf8 33. Nd2 Kg8 34. Nb3 Bf8 35. Nd4 Qe8 36. Qxf6 Bg7 37. Qf3 Re4 38. Nb3 Bxb2 39. Nc5 Re5 40. Nd3 1-0

[Event "POL-chT U19 2nd League"]
[Site "Iwonicz"]
[Date "2016.07.31"]
[Round "8.57"]
[White "Panek, Bartosz"]
[Black "Bober, Tomasz"]
[Result "1/2-1/2"]
[WhiteElo "1679"]
[BlackElo "1210"]
[PlyCount "73"]
[EventDate "2016.07.23"]
[EventType "team-swiss"]
[EventRounds "11"]
[EventCountry "POL"]
[SourceTitle "EXT 2019"]
[Source "ChessBase"]
[SourceDate "2018.10.10"]
[SourceVersion "1"]
[SourceVersionDate "2018.10.10"]
[SourceQuality "1"]
[WhiteTeam "Rydultowy Ognisko U19 II"]
[BlackTeam "Brzozow UKS SP 1 U19"]
[WhiteTeamCountry "POL"]
[BlackTeamCountry "POL"]

1. e4 c5 2. a3 Nc6 3. b4 cxb4 4. axb4 e5 5. b5 Nce7 6. Bb2 Qc7 7. c3 Nf6 8. f3 Ng6 9. Ba3 Bxa3 10. Rxa3 0-0 11. d4 d5 12. Bd3 Be6 13. Ne2 Nd7 14. 0-0 Nb6 15. exd5 Nxd5 16. Qd2 Ndf4 17. Nxf4 Nxf4 18. Be4 f5 19. Bc2 Bc4 20. Re1 exd4 21. cxd4 Bxb5 22. Re5 Ne2+ 23. Rxe2 Bxe2 24. Qxe2 Qf4 25. Qe3 Qxe3+ 26. Rxe3 Rac8 27. Bb3+ Kh8 28. Rc3 g6 29. d5 Kg7 30. Kf2 Kf6 31. Re3 Rfe8 32. Rd3 b5 33. Nc3 a6 34. g4 Ke5 35. Re3+ Kd4 36. Ne2+ Kc5 37. Re6 1/2-1/2

[Event "POL-chT U19 2nd League"]
[Site "Iwonicz"]
[Date "2015.08.01"]
[Round "7.87"]
[White "Bober, Tomasz"]
[Black "Suder, Jakub"]
[Result "1/2-1/2"]
[WhiteElo "1159"]
[BlackElo "1707"]
[PlyCount "82"]
[EventDate "2015.07.25"]
[EventType "team-swiss"]
[EventRounds "11"]
[EventCountry "POL"]
[SourceTitle "EXT 2019"]
[Source "ChessBase"]
[SourceDate "2018.10.10"]
[SourceVersion "1"]
[SourceVersionDate "2018.10.10"]
[SourceQuality "1"]
[WhiteTeam "Brzozow UKS SP 1 U19"]
[BlackTeam "Myslenice MLKSz U19"]
[WhiteTeamCountry "POL"]
[BlackTeamCountry "POL"]

1. e4 c6 2. d4 d5 3. e5 Bf5 4. c3 e6 5. Be3 Qb6 6. Qc1 c5 7. f4 Nc6 8. Nf3 cxd4 9. Nxd4 Nxd4 10. Bxd4 Bc5 11. Bxc5 Qxc5 12. a4 Ne7 13. b4 Qc7 14. Bb5+ Nc6 15. 0-0 a6 16. Be2 Rc8 17. Nd2 d4 18. Nc4 0-0 19. Nd6 Rb8 20. cxd4 Qb6 21. Qc5 Qxc5 22. dxc5 Nxb4 23. h4 Bd3 24. Kf2 b6 25. cxb6 Rxb6 26. Ke3 Bxe2 27. Kxe2 Nc2 28. Rab1 Nb4 29. Rf3 a5 30. Nc4 Ra6 31. Nxa5 Nc2 32. Kd2 Rxa5 33. Kxc2 Rxa4 34. Kd3 Rd8+ 35. Ke2 g6 36. Kf2 Rd2+ 37. Kg3 Raa2 38. Rg1 Kf8 39. Rb3 Rdc2 40. Rb8+ Kg7 41. Rb3 h5 1/2-1/2

[Event "POL-chT U19 2nd League"]
[Site "Iwonicz"]
[Date "2015.08.01"]
[Round "9.93"]
[White "Bober, Tomasz"]
[Black "Walkowski, Jonasz"]
[Result "1-0"]
[WhiteElo "1159"]
[BlackElo "1406"]
[PlyCount "119"]
[EventDate "2015.07.25"]
[EventType "team-swiss"]
[EventRounds "11"]
[EventCountry "POL"]
[SourceTitle "EXT 2019"]
[Source "ChessBase"]
[SourceDate "2018.10.10"]
[SourceVersion "1"]
[SourceVersionDate "2018.10.10"]
[SourceQuality "1"]
[WhiteTeam "Brzozow UKS SP 1 U19"]
[BlackTeam "Wloszakowice UKS ZSO U19"]
[WhiteTeamCountry "POL"]
[BlackTeamCountry "POL"]

1. e4 e6 2. d4 d5 3. e5 c5 4. c3 Qb6 5. f4 Nc6 6. Nf3 Bd7 7. Be2 cxd4 8. cxd4 Nge7 9. Nc3 a6 10. Na4 Qc7 11. Be3 Nf5 12. Bf2 Be7 13. 0-0 Qd8 14. Rc1 0-0 15. Nc5 Bxc5 16. Rxc5 Qe7 17. Rc3 Rfc8 18. Bd3 Qe8 19. Bxf5 exf5 20. Bh4 Ne7 21. Re1 Ng6 22. Bg3 Rxc3 23. bxc3 Be6 24. Qb3 Qc6 25. Rc1 Rc8 26. Ne1 Nf8 27. Nd3 Nd7 28. Be1 a5 29. a4 b6 30. Rb1 Qc4 31. Qxc4 Rxc4 32. Nb2 Rc6 33. Nd1 f6 34. Ne3 fxe5 35. fxe5 f4 36. Nd1 Bf5 37. Rb5 Bc2 38. Nb2 Kf8 39. Rxd5 Ke7 40. Kf2 Bb3 41. Rb5 Bc4 42. Nxc4 Rxc4 43. Bd2 Rxa4 44. Bxf4 Ra2+ 45. Kf3 Rc2 46. Rb3 Ke6 47. Ke4 Re2+ 48. Be3 g6 49. d5+ Ke7 50. Kf3 Rc2 51. e6 Ne5+ 52. Ke4 Nc4 53. Kd3 Nxe3 54. Kxe3 a4 55. Rxb6 Rxc3+ 56. Kd4 Rc1 57. Rb7+ Kd8 58. d6 Rd1+ 59. Ke5 Re1+ 60. Kf6 1-0

[Event "POL-chT U19 2nd League"]
[Site "Iwonicz"]
[Date "2015.08.01"]
[Round "8.93"]
[White "Kucharski, Daniel"]
[Black "Bober, Tomasz"]
[Result "1-0"]
[WhiteElo "1400"]
[BlackElo "1159"]
[PlyCount "57"]
[EventDate "2015.07.25"]
[EventType "team-swiss"]
[EventRounds "11"]
[EventCountry "POL"]
[SourceTitle "EXT 2019"]
[Source "ChessBase"]
[SourceDate "2018.10.10"]
[SourceVersion "1"]
[SourceVersionDate "2018.10.10"]
[SourceQuality "1"]
[WhiteTeam "Czestochowa UKS Hetman U19"]
[BlackTeam "Brzozow UKS SP 1 U19"]
[WhiteTeamCountry "POL"]
[BlackTeamCountry "POL"]

1. e4 e5 2. Nf3 Nc6 3. Bc4 Bc5 4. c3 Nf6 5. d4 exd4 6. 0-0 dxc3 7. e5 Ng4 8. Bxf7+ Kxf7 9. Qd5+ Ke8 10. Qxc5 cxb2 11. Bxb2 Qe7 12. Qc3 Qb4 13. h3 Nh6 14. a3 Qxc3 15. Nxc3 Nf7 16. Rad1 Ne7 17. Nb5 Kd8 18. e6 Nd6 19. Nxd6 cxd6 20. Rxd6 Nf5 21. Rd2 Ke7 22. g4 Nd6 23. exd7 Bxd7 24. Rfd1 Bc6 25. Re1+ Kd7 26. Ne5+ Kc7 27. Nxc6 bxc6 28. Re7+ Kd8 29. Rxg7 1-0

[Event "POL-chT U19 2nd League"]
[Site "Iwonicz"]
[Date "2015.08.01"]
[Round "4.99"]
[White "Panek, Bartosz"]
[Black "Bober, Tomasz"]
[Result "1-0"]
[WhiteElo "1522"]
[BlackElo "1159"]
[PlyCount "56"]
[EventDate "2015.07.25"]
[EventType "team-swiss"]
[EventRounds "11"]
[EventCountry "POL"]
[SourceTitle "EXT 2019"]
[Source "ChessBase"]
[SourceDate "2018.10.10"]
[SourceVersion "1"]
[SourceVersionDate "2018.10.10"]
[SourceQuality "1"]
[WhiteTeam "Rydultowy Ognisko U19 II"]
[BlackTeam "Brzozow UKS SP 1 U19"]
[WhiteTeamCountry "POL"]
[BlackTeamCountry "POL"]

1. e4 e5 2. Nf3 Nf6 3. Nxe5 Qe7 4. Nf3 Nxe4 5. Qe2 d5 6. d3 Nf6 7. Qxe7+ Bxe7 8. Bf4 c5 9. c3 Nc6 10. d4 0-0 11. Nbd2 Ne4 12. Be3 b6 13. 0-0-0 f5 14. g3 c4 15. Bg2 Be6 16. Rdf1 b5 17. Ne5 b4 18. Nxc6 Bd6 19. Nxb4 Bxb4 20. cxb4 c3 21. Nxe4 cxb2+ 22. Kxb2 dxe4 23. Rc1 a5 24. b5 a4 25. a3 Rfb8 26. Rc5 Bd7 27. Bf1 Kf7 28. Bc4+ Kg6 1-0

[Event "POL-chT U19 2nd League"]
[Site "Szczyrk"]
[Date "2014.07.30"]
[Round "8.70"]
[White "Bober, Tomasz"]
[Black "Guzik, Tomasz"]
[Result "1/2-1/2"]
[WhiteElo "1161"]
[BlackElo "1284"]
[PlyCount "92"]
[EventDate "2014.07.25"]
[EventType "team-swiss"]
[EventRounds "11"]
[EventCountry "POL"]
[SourceTitle "EXT 2015"]
[Source "ChessBase"]
[SourceDate "2014.11.20"]
[SourceVersion "1"]
[SourceVersionDate "2014.11.20"]
[SourceQuality "1"]
[WhiteTeam "Brzozow UKS SP 1 U19"]
[BlackTeam "Jaworzno JKSz MCKiS U19"]
[WhiteTeamCountry "POL"]
[BlackTeamCountry "POL"]

1. d4 d5 2. c4 dxc4 3. e3 Nc6 4. Bxc4 Nf6 5. Nc3 e6 6. Bd2 Bb4 7. a3 Bxc3 8. Bxc3 0-0 9. Nf3 a6 10. 0-0 b5 11. Bd3 Bb7 12. Nd2 Ne7 13. f4 Nf5 14. Qe2 Re8 15. Nf3 Bxf3 16. Rxf3 Rc8 17. a4 Rb8 18. axb5 axb5 19. Bxb5 Re7 20. Rd1 Nd6 21. Bd3 Nde4 22. Bxe4 Nxe4 23. Qd3 f5 24. d5 Qxd5 25. Qxd5 exd5 26. Rxd5 g6 27. Bd4 c6 28. Re5 Rxe5 29. Bxe5 Rd8 30. h3 Rd1+ 31. Rf1 Rd3 32. Rc1 c5 33. Re1 Kf7 34. g4 Nd2 35. Kf2 Ne4+ 36. Kf3 Rd2 37. Re2 Rd1 38. g5 Rg1 39. Rg2 Rf1+ 40. Ke2 Rc1 41. Kd3 Rh1 42. b4 cxb4 43. Rb2 b3 44. Kd4 Rxh3 45. Rxb3 Rh1 46. Rb7+ Ke6 1/2-1/2

[Event "POL-chT U19 2nd League"]
[Site "Szczyrk"]
[Date "2014.07.27"]
[Round "4.105"]
[White "Bober, Tomasz"]
[Black "Posluszny, Tomasz"]
[Result "0-1"]
[WhiteElo "1161"]
[BlackElo "1490"]
[PlyCount "84"]
[EventDate "2014.07.25"]
[EventType "team-swiss"]
[EventRounds "11"]
[EventCountry "POL"]
[SourceTitle "EXT 2015"]
[Source "ChessBase"]
[SourceDate "2014.11.20"]
[SourceVersion "1"]
[SourceVersionDate "2014.11.20"]
[SourceQuality "1"]
[WhiteTeam "Brzozow UKS SP 1 U19"]
[BlackTeam "Rybnik MKSz U19 II"]
[WhiteTeamCountry "POL"]
[BlackTeamCountry "POL"]

1. e4 Nf6 2. Nc3 d5 3. e5 Ne4 4. d4 Nxc3 5. bxc3 Bf5 6. Bd3 Qd7 7. Nf3 Bxd3 8. Qxd3 e6 9. 0-0 Be7 10. Bg5 0-0 11. Bxe7 Qxe7 12. Qb5 b6 13. a4 Qd7 14. Qxd7 Nxd7 15. Nh4 Rac8 16. f4 c5 17. Ra2 cxd4 18. cxd4 Rc4 19. Nf3 Rfc8 20. Rc1 a5 21. Kf2 Nb8 22. Ke2 Rc3 23. Kd2 Na6 24. Rb2 Nb4 25. Rb3 Rxc2+ 26. Rxc2 Rxc2+ 27. Ke3 Rxg2 28. Rc3 g6 29. Rc8+ Kg7 30. Rc7 h6 31. Rb7 Ra2 32. Rxb6 Rxa4 33. Rb5 Ra3+ 34. Ke2 Nc6 35. Rb6 Ne7 36. Rb2 Nf5 37. Kf2 a4 38. Ke2 Re3+ 39. Kf2 Rd3 40. Rb4 a3 41. Ra4 Kf8 42. Ke2 Rb3 0-1